Introduction to microcontrollers : architecture, programming, and interfacing for the Freescale 68HC12 /

This book is a comprehensive, introductory text/reference for electrical and computer engineers and students with little experience with a high-level programming language. It systematically teaches the programming of a microcontroller in assembly language, as well as C and C++. This books also cover...

Full description

Bibliographic Details
Main Author: Lipovski, G. Jack
Corporate Author: Metrowerks (Firm)
Format: eBook
Language:English
Published: Boston, Mass. ; London : Elsevier Academic Press, [2004]
Edition:2nd ed.
Series:Academic Press series in engineering.
Subjects:
Online Access:Connect to the full text of this electronic book

MARC

Tag First Indicator Second Indicator Subfields
LEADER 00000cam a2200000Ia 4500
001 in00002425455
005 20190327171550.0
006 m d
007 cr cn|||||||||
008 070806s2004 maua s 001 0 eng d
020 |a 9780124518384 
020 |a 0124518389 
035 |a (OCoLC)ocn162672357 
035 |a (OCoLC)162672357 
037 |a 104379:104401  |b Elsevier Science & Technology  |n http://www.sciencedirect.com 
040 |a OPELS  |c OPELS  |d UtOrBLW 
049 |a TEFA 
050 1 4 |a TJ223.P76  |b L58 2004eb 
082 0 4 |a 629.8/95  |2 22 
100 1 |a Lipovski, G. Jack. 
245 1 0 |a Introduction to microcontrollers :  |b architecture, programming, and interfacing for the Freescale 68HC12 /  |c G.J. Lipovski. 
250 |a 2nd ed. 
264 1 |a Boston, Mass. ;  |a London :  |b Elsevier Academic Press,  |c [2004] 
264 4 |c ©2004 
300 |a xxxi, 451 pages :  |b illustrations ;  |c 26 cm. +  |e 1 CD-ROM (4.75 in.) 
336 |a text  |b txt  |2 rdacontent 
337 |a computer  |b c  |2 rdamedia 
338 |a online resource  |b cr  |2 rdacarrier 
490 1 |a Academic Press series in engineering 
533 |a Electronic reproduction.  |b Amsterdam :  |c Elsevier Science & Technology,  |d 2007.  |n Mode of access: World Wide Web.  |n System requirements: Web browser.  |n Title from title screen (viewed on Aug. 2, 2007).  |n Access may be restricted to users at subscribing institutions. 
520 |a This book is a comprehensive, introductory text/reference for electrical and computer engineers and students with little experience with a high-level programming language. It systematically teaches the programming of a microcontroller in assembly language, as well as C and C++. This books also covers the principles of good programming practice through top-down design and the use of data structures. It is suitable as an introductory text for a first course on microcomputers that demonstrates what a small computer can do. Shows how a computer executes instructions; Shows how a high-level programming language converts to assembler language; Shows how a microcontroller is interfaced to the outside world; Hundreds of examples, experiments, "brain-teasers" and motivators; More than 20 exercises at the end of each chapter; Complete solutions manual available for Instructors; CD includes example code from book as well as the MetroWerks CodeWarrior C++ compiler. 
505 0 |a Basic Computer Structure and the 6812. The Instruction Set. Addressing Modes. Assembly Language Programming. Advanced Assemblers, Linkers, and Loaders. Assembly Language Subroutines. Arithmetic Operations. Programming in C and C++. Implementation of C Procedures. Elementary Data Structures. Input/Output. Other Microcontrollers. 
504 |a Includes index. 
500 |a Electronic resource. 
650 0 |a Programmable controllers. 
650 0 |a Microprocessors. 
655 7 |a Electronic books.  |2 local 
710 2 2 |a Metrowerks (Firm).  |t CodeWarrior development studio for Motorola HC(S)12 microcontrollers. 
730 0 |a Referex. 
776 1 |c Original  |z 0124518389  |z 9780124518384  |w (DLC) 2004052840  |w (OCoLC)78593076 
830 0 |a Academic Press series in engineering. 
856 4 0 |u http://proxy.library.tamu.edu/login?url=http://www.sciencedirect.com/science/book/9780124518384  |z Connect to the full text of this electronic book  |t 0 
994 |a C0  |b TEF 
999 |a MARS 
999 f f |s e29092b7-914d-33ff-845d-99941e27a494  |i 7677bd32-b02e-32c6-87fb-8199dcac22c5  |t 0 
952 f f |a Texas A&M University  |b College Station  |c Electronic Resources  |d Available Online  |t 0  |e TJ223.P76 L58 2004eb  |h Library of Congress classification 
998 f f |a TJ223.P76 L58 2004eb  |t 0  |l Available Online